书目信息 |
| 题名: |
保龄球
|
|
| 作者: | 曹光 | |
| 分册: | ||
| 出版信息: | 北京 北京体育大学出版社 2001 |
|
| 页数: | 247 | |
| 开本: | 20cm | |
| 丛书名: | ||
| 单 册: | ||
| 中图分类: | G849.4 | |
| 科图分类: | ||
| 主题词: | 球类运动 | |
| 电子资源: | ||
| ISBN: | 7-81051-435-0 | |
| 000 | 00474nam0 2200181 450 | |
| 001 | 0736480453 | |
| 005 | 20070817100800.46 | |
| 010 | @a7-81051-435-0@d¥16.80 | |
| 100 | @a20070817d km y0chiy0120 ea | |
| 101 | 0 | @achi |
| 200 | 1 | @a保龄球@Abao ling qiu@f曹光@Fcao guang |
| 210 | @a北京@c北京体育大学出版社@d2001 | |
| 215 | @a247@d20cm | |
| 606 | 0 | @a球类运动 |
| 690 | @aG849.4@v3 | |
| 701 | 0 | @a曹光@Acao guang |
| 801 | 0 | @aCN@bPFT@c20070817 |
| 905 | @a213230@dG849.4@et20@f1 | |
| 保龄球/曹光.-北京:北京体育大学出版社,2001 |
| 247;20cm |
| ISBN 7-81051-435-0:¥16.80 |
| ● |
| 相关链接 |
|
|
|
|
正题名:保龄球
索取号:G849.4/t20
 
预约/预借
| 序号 | 登录号 | 条形码 | 馆藏地/架位号 | 状态 | 备注 |
| 1 | 6900584 | 269005845 | 密集书库-体育系/ [索取号:G849.4/t20] | 在馆 | |
| 2 | 6900585 | 269005854 | 密集书库-体育系/ [索取号:G849.4/t20] | 在馆 | |
| 3 | 6900586 | 269005863 | 密集书库-体育系/ [索取号:G849.4/t20] | 在馆 |